| 000 | 01447nam a22002657a 4500 | ||
|---|---|---|---|
| 999 |
_c3611 _d3611 |
||
| 003 | AR-CdUCM | ||
| 008 | 190306b ||||| |||| 00| 0 spa d | ||
| 020 | _a9972-661-02-1 | ||
| 040 |
_aMUNICIPALIDAD PROVINCIAL DEL CUSCO _cBIBLIOTECA MUNICIPAL DEL CUSCO |
||
| 082 |
_a333.320 985 12 / _bD75 |
||
| 100 |
_aDiez Hurtado, Alejandro _93894 |
||
| 245 |
_aComunes y haciendas : _bprocesos de comunalización en la sierra de Piura (siglos XVIII al XX) / |
||
| 260 |
_aPiura : _bCentro de Investigaciones y Promoción del Campesinado, _bCentro de Estudios Regionales Andinos "Bartolomé de las Casas", _c1998. |
||
| 300 |
_a262 páginas ; _c24 cm. |
||
| 440 |
_aArchivos de historia andina _n31 _911800 |
||
| 500 | _aProceso de expansión de las formas de propiedad: haciendas, tierras de indios, comunidades, gobiernos comunales, en Piura. | ||
| 505 | _aContenido: Territorios y Comunidades -- Haciendas y tierras de indios entre la Colonia y la República -- Haciendas: Relaciones sociales -- Las nuevas comunidades de indígenas -- Cabildos de Indios: autoridad y estructura social (1780-1820) ... | ||
| 650 |
_aTenencia de la tierra _98228 |
||
| 650 |
_aComunidades campesinas _92214 |
||
| 650 |
_aPolitica económica _91407 |
||
| 710 |
_aCentro de Investigación y Promoción del Campesinado (Piura) _911801 |
||
| 710 |
_aCentro de Estudios Regionales Andinos Bartolomé de Las Casas (Cusco) _93306 |
||
| 942 |
_2ddc _cLIBROS |
||
| 945 | _araen | ||